000 00525nam a22001697a 4500
003 OSt
005 20260309152624.0
008 260309b |||||||| |||| 00| 0 eng d
040 _cMRSPTU
041 _aEnglish
100 _aTanu, Supervisor: Vishavdeep Jindal
245 _aCondition Monitoring Assessment of Power Transformers Insulation
260 _bDepartment of EE, MRSPTU, Bathinda
_c2016
650 _aElectrical Engineering
856 _uhttp://163.47.215.52:8080/jspui/handle/123456789/374
942 _2ddc
_cTH
_n0
999 _c11096
_d11096